00888nam a2200229 i 450000100060000000300090000600500170001500700030003200800410003510000330007624501250010926000420023430000340027649000360031065000260034670000300037270000410040283000550044385200220049899900170052095201210053791100ES-MaACL20250815082228.0t|050127s1957 sp |||| | spa d1 aLerner, Abba Ptachya.97178110aEconomía del pleno empleo / cAbba P. Lerner ; traducción del inglés por F. Albert Ferriol y J.L. Barinaga Blanco. aMadrid : bAguilar, c1957 (fBenzal) aXX, 346 p. : bil. ; c22 cm.1 aBiblioteca de ciencias sociales 4aPleno empleo.91652741 aAlbert Ferriol, F.9193231 aBarinaga Blanco, José Luis.92565200aBiblioteca de ciencias sociales (Aguilar) 9220462 aES-MaACLjC-13800 c91100d91100 00104070aATENEOMbATENEOMcSPALd2008-01-17eSCl0oC-13800p1095115r2023-02-23 00:00:00w2023-02-23yMONOGRAFIA